Fish - Statistics

General Stats
  • This quiz has been taken 7 times
  • The average score is 23 of 52
Answer Stats
Picture Answer % Correct
African Cichlid
100%
Angelfish
100%
Axolotl
100%
Bala Shark
100%
Molly
100%
Neon Tetra
100%
Oscar
100%
Pleco
67%
Rainbow Shark
67%
Red Tail Shark
67%
Albino Pleco
33%
Albino Rainbow Shark
33%
Betta (female)
33%
Black Moor
33%
Bleeding Heart Tetra
33%
Bubble-Eyed Goldfish
33%
Comet Goldfish
33%
Damselfish
33%
Ember Tetra
33%
Fancy Guppy
33%
Firemouth Cichlid
33%
Glo-Shark
33%
Glo-Tetra
33%
Glowlight Tetra
33%
Gold Barb
33%
Green Cory Catfish
33%
Harlequin Rasbora
33%
Kuhli Loach
33%
Longfin Zebra Danio
33%
Mystery Snail
33%
Nerite Snail
33%
Oranda Goldfish
33%
Otto Catfish
33%
Painted Glassfish
33%
Panda Oranda Goldfish
33%
Peacock Cichlid
33%
Polar White Parrotfish
33%
Rainbowfish
33%
Ranchu Goldfish
33%
Red Cherry Shrimp
33%
Red-Eared Slider Turtle
33%
Red Eye Tetra
33%
Red Fire Honey Dwarf Gourami
33%
Red Ramshorn Snail
33%
Red Zebra Cichlid
33%
Rummy Nose Tetra
33%
Spotted Puffer
33%
Tiger Barb
33%
Upside Down Catfish
33%
Vampire Crab
33%
Yellow-Bellied Slider Turtle
33%
Zebra Danio
33%
No matching quizzes found
Score Distribution
Percent of People with Each Score
Percentile by Number Answered
Your Score History
You have not taken this quiz